000 00376nam a2200157Ia 4500
008 151213s9999 xx 000 0 und d
100 _aPenny V.2
245 _aA Course in Language Teaching
_cPenny V.2
250 _a1st
260 _aU.S.A
_bCambridge
_c1996
300 _a4215 p.
650 _aEnglish
650 _aEnglish Language
700 _aPenny V.2
999 _c2639
_d2639